Responses for Show #5420 - Friday, March 14, 2008

Contestants

[<< previous game]

Grant Garrigan, a real estate broker originally from Highmore, South Dakota

Renée Mathis, a homeschool mom from Houston, Texas

Jason Kaczor, an insurance specialist from Syracuse, New York (whose 3-day cash winnings total $55,000)

[next game >>]

Jeopardy! Round responses

THE SOLAR SYSTEM
1960s SPORTS LEGENDS
WE PREDICT THE FUTURE!
NAME THE NOVEL
THE TOOL SHED
"ARG"!
    $200 1
Apollo 11

Jason
    $200 17
Muhammad Ali

Jason
    $200 24
George W. Bush

Jason
    $200 6
The Hobbit

Jason
    $200 16
pumpkins

Jason
    $200 7
an embargo

Grant
    $400 2
Neptune

Jason
    $400 18
Gale Sayers

Jason
    $400 27
Mardi Gras

Grant
    $400 12
Pride and Prejudice

Renée
    $400 20
a table saw

Renée
    $400 8
(Princess) Margaret

Grant
    $1,000 3
Mercury & Venus

Jason
    $600 19
Bill Russell

Renée
    $600 28
the Census

Renée
    $600 13
(Jason: What is 1984?)

Brave New World

Jason
Triple Stumper
    $600 21
a bolt

Grant
    $600 9
the Argonauts

Renée
    $800 4
Titan

Jason
    $800 25
(Renée: Who is Margaret Court?)

Billie Jean King

JasonRenée
    $800 29
Colombia

Jason
    $800 14
Heart of Darkness

Renée
    $800 22
pliers

Renée
    $800 10
bargain

Jason
    $1000 5
Uranus

Renée
    $1000 26
Don Garlits

Renée
    $1000 30
London

Jason
    $1000 15
(Grant: What is The Martian Chronicles?)

Stranger In A Strange Land

Grant
Triple Stumper
    $1000 23
a spirit level

Triple Stumper
    $1000 11
argyle

Renée

Scores at the first commercial break (after clue 15):

Jason Renée Grant
$2,800 $3,800 -$400

Scores at the end of the Jeopardy! Round:

Jason Renée Grant
$6,400 $6,400 $600

Double Jeopardy! Round responses

AFRICA
MUSICAL INSTRUMENT MOVIES
(Alex: You have to fill in the blank in the film title.)
A SCHOOL OF DAUPHINS
GEEK SPEAK
LOCKE
"KEY"
    $400 1
Cote D'Ivoire

Jason
    $400 4
Bells

Grant
    $400 21
Huckleberry Finn

Renée
    $400 16
a nanosecond

Jason
    $400 26
(Renée: What is the 18th?)
...
(Alex: Lived in the 1600s, hence [*].)

the 17th Century

Renée
Triple Stumper
    $400 11
jockeys

Renée
    $800 2
Angola

Jason
    $800 7
Drums

Grant
    $800 22
Alabama

Renée
    $800 17
(Alex: [before presenting clue] Here with the clue in Japan is a master of Geek Speak!)

media player

Renée
    $800 27
(Alex: That was at [*].)

Oxford

Triple Stumper
    $3,000 12
(Alex: That brought a smile to your face. $11,000 and the lead and no more Daily Doubles.)

whiskey

Renée
    $1200 3
masks

Renée
    $1200 8
Violin

Grant
    $1200 23
Louis XVI

Jason
    $1200 18
Doom

Grant
    $1200 28
the Divine Right

Jason
    $1200 13
a keyhole

Renée
    $2,000 5
(Grant: What is Senegal?)

Mauritania

Grant
    $1600 9
(Grant: [no response])

Guitar

Grant
Triple Stumper
    $1600 24
Audubon

Renée
    $1600 19
(Grant: What is iMovie?)
...
(Alex: Software is called [*].)

Final Cut

Grant
Triple Stumper
    $1600 29
Reason (or Enlightenment)

Jason
    $1600 14
(Louis) Leakey

Jason
    $2000 6
the Maasai

Grant
    $2000 10
(Alex: He was a famous trumpet player. "Young Man With A [*]".)

[ERRATUM: Beiderbecke's name was misspelled in the clue as displayed on the show.]

Horn

Triple Stumper
    $2000 25
Charles VII

Triple Stumper
    $2000 20
(Alex: And those 4 letters are [*].)

HDMI

Triple Stumper
    $2000 30
Tabula Rasa

Renée
    $2000 15
a keypunch

Renée

Scores at the end of the Double Jeopardy! Round:

Jason Renée Grant
$13,600 $19,400 $1,000

[wagering suggestions for these scores]

Final Jeopardy! Round responses

FOOD & DRINK
GrantWhat is a Margarita?
$1
JasonWhat is a margarita?
$2,000
RenéeWhat is a margarita?
$7,801
a margarita

Final scores:

Jason Renée Grant
$15,600 $27,201 $1,001
2nd place: $2,000 New champion: $27,201 3rd place: $1,000

Game dynamics:

Coryat scores:

Jason Renée Grant
$13,200 $17,200 $3,000
20 R
(including 1 DD),
1 W
20 R
(including 1 DD),
2 W
9 R,
4 W
(including 1 DD)

Combined Coryat: $33,400

[game clues] [game scores] [suggest correction]

Game tape date: 2007-11-27
The J! Archive is created by fans, for fans. Scraping, republication, monetization, and malicious use prohibited; this site may use cookies and collect identifying information. See terms. The Jeopardy! game show and all elements thereof, including but not limited to copyright and trademark thereto, are the property of Jeopardy Productions, Inc. and are protected under law. This website is not affiliated with, sponsored by, or operated by Jeopardy Productions, Inc. Join the discussion at JBoard.tv.